Autonómne riadenie modelu vozidla na detekciu ohňa

Enregistré dans:
Détails bibliographiques
Auteur principal: Valábková, Emma (Auteur)
Autres auteurs: Bucz, Štefan (Directeur de thèse)
Format: Manuscrit Livre
Langue:slovaque
Publié: Bratislava : STU v Bratislave FEI, 2022
Sujets:
Accès en ligne:https://opac.crzp.sk/?fn=detailBiblioFormChildQR0R8&sid=378281AEB05FBF717433CEA6EBFA&seo=CRZP-detail-kniha
Tags: Ajouter un tag
Pas de tags, Soyez le premier à ajouter un tag!

MARC

LEADER 00000ntm a22000003a 4500
001 stuzp88414
003 SK-STU
005 20230404131138.4
007 ta
008 150427s2015----xo-----f-mn---000-0-slo-d
040 |a STU  |b slo 
041 0 |a slo 
044 |a xo 
100 1 |a Valábková, Emma  |u 035000  |4 aut  |U FEI Fakulta elektrotechniky a informatiky  |T FEI Ústav informatiky a matematiky  |X 104622  |U E050  |Y 816  |7 104622 
242 0 1 |a Autonomous control of a small vehicle model for fire detection  |y eng 
245 1 0 |a Autonómne riadenie modelu vozidla na detekciu ohňa 
260 |a Bratislava :  |b STU v Bratislave FEI,  |c 2022 
300 |a 60 s., príl. 
650 4 |a Raspberry Pi  |2 slo 
650 4 |a Autonómne riadenie  |2 slo 
650 4 |a OpenCV  |2 slo 
650 4 |a Detekcia ohňa  |2 slo 
650 4 |a Python  |2 slo 
650 4 |a Autonomous driving  |2 eng 
650 4 |a Python  |2 eng 
650 4 |a OpenCV  |2 eng 
650 4 |a Raspberry Pi  |2 eng 
650 4 |a Fire detection  |2 eng 
700 1 |a Bucz, Štefan  |4 ths  |X 17719  |7 A000017719 
856 4 |u https://opac.crzp.sk/?fn=detailBiblioFormChildQR0R8&sid=378281AEB05FBF717433CEA6EBFA&seo=CRZP-detail-kniha